Obras Completas de D. José M. de Pereda

I tiakina i:
Ngā taipitopito rārangi puna kōrero
Kaituhi matua: Pereda, José María de (Author)
Kaituhi rangatōpū: Real Academia ESpañola (Author)
Hōputu: Pukapuka
Reo:Pāniora
I whakaputaina: Madrid Viuda e Hijos de Manuel Tello 1906
Putanga:4a. ed
Ngā marau:
Ngā Tūtohu: Tāpirihia he Tūtohu
Kāore He Tūtohu, Me noho koe te mea tuatahi ki te tūtohu i tēnei pūkete!

MARC

LEADER 00000nam a2200000 a 4500
001 UCZ8997
003 CL-VaPUC
008 960126e19060000SP |||||||||||||||||spa|d
082 0 4 |a 863  |b PER  |2 21 
100 0 |a Pereda, José María de  |e author  |9 354260 
110 2 |a Real Academia ESpañola  |e author  |9 354261 
245 1 0 |a Obras Completas de D. José M. de Pereda 
250 |a 4a. ed 
300 |a v 
942 |c BK 
945 |d 19960126 00:00:00  |a rleighto 
260 |a Madrid  |b Viuda e Hijos de Manuel Tello  |c 1906 
500 |a v.9: Sotileza 
650 0 |a Novelas españolas  |9 265052 
583 |a last modification  |c 19960126 00:00:00  |k Rodrigo Vera 
999 |c 244645  |d 244643 
952 |0 0  |1 0  |4 0  |6 863_000000000000000_PER_1906  |7 0  |8 A  |9 258790  |a BIBEDU  |b BIBEDU  |d 2019-11-19  |h v.9  |i 3174069  |o 863 PER 1906  |p 3174069  |r 2019-11-19  |w 2019-11-19  |y BK  |k LIT